|
|
|
|
| LEADER |
00000nam a22000007a 4500 |
| 005 |
20141008223811.0 |
| 007 |
cr|||| |||| |
| 008 |
141008s2014 es |||||s|||| 00||0 spa d |
| 020 |
|
|
|a 978-84-9031-987-1
|
| 035 |
|
|
|a 12417
|
| 040 |
|
|
|a vLex
|
| 090 |
|
|
|c 5192
|d 5192
|
| 100 |
1 |
|
|a Celador Angn̤, Óscar
|
| 245 |
1 |
0 |
|a Libertad de conciencia y escuela en Estados Unidos
|h [Recurso electrn̤ico] /
|c Óscar Celador Angn̤
|
| 256 |
|
|
|a Servicio en ln̕ea
|
| 260 |
|
|
|a Madrid:
|b Dykinson,
|c 2014
|
| 300 |
|
|
|a 1 recurso electrn̤ico
|
| 506 |
1 |
|
|a Disponible solo en los productos indicados
|d vLex Global
|d vLex Global (Academic Edition, excluding Law Schools)
|d vLex Global (U.S. Academic Edition, Law Schools)
|d vLex Global (U.S. Academic Edition, excluding Law Schools)
|d vLex Global (Academic Edition, Law Schools)
|
| 650 |
0 |
4 |
|a Derecho Constitucional
|z Espaą
|
| 650 |
0 |
4 |
|a Derecho Internacional
|z Espaą
|
| 740 |
0 |
|
|a vLex Libros (Servicio en ln̕ea)
|
| 856 |
4 |
0 |
|u http://vlex.com/source/libertad-conciencia-escuela-estados-unidos-12417
|z Acceso restringido
|
| 942 |
|
|
|c BOOK
|
| 999 |
0 |
|
|a Constitutional Law
|
| 999 |
0 |
|
|a International Law
|